000 00851cab a2200265 4500
001 WB3144-04
008 090401t1995 xxu||||| |||| 00| 0 eng d
035 _a(Sirsi) u35110
041 _aeng
245 _aMPs attack MoD over property
260 _c1995
350 _a0
490 _aFinancial Times
_v23 November 1995, 8
490 _aGuardian
_v23 November 1995, 11
490 _aBuilding
_v1 December 1995, 12(1)
520 _aThe MoD is criticised over the handling of its property construction projects with particular reference to its Procurement Executive headquarters.
650 _aCAPITAL WORKS PROGRAMME
650 _aCONSTRUCTION PROJECTS
650 _aMINISTRY OF DEFENCE
650 _aMISMANAGEMENT
650 _aPROCUREMENT EXECUTIVE HEADQUARTERS
690 _aBUILT ENVIRONMENT
942 _n0
948 _c04/03/1997
999 _c23046
_d23046